000 01093nam a22003137a 4500
003 CHAP
005 20220329141027.0
008 971013s1995 r 00010 d
010 _a61502
011 _a62474
035 _a66648
040 _cCHAP
082 _a637.14
_bS3
100 0 0 _aSantos Moreno, Armando.
_9102515
245 _aProductos lácteos (análisis y elaboración)
260 _aChapingo, Méx. :
_bUACH. Departamento de Ingeniería Agroindustrial,
_c1995
300 _a121 p.
590 _aBATCH-UPD
_b10
_c20130110
_lUCH01
_h2002
590 _aBATCH-UPD
_b10
_c20130410
_lUCH01
_h1322
590 _aBATCH-UPD
_b10
_c20130914
_lUCH01
_h1941
590 _aCONVERSION
_b10
_c20130109
_lUCH01
_h1333
650 1 4 _aProductos lácteos
_xAnálisis.
_992125
650 1 4 _aProductos lácteos
_xProcesado.
_992149
901 _aBK
942 _cLIBRO
949 _a637.14 S3
_bBC
_cLIBRO
_d33724000603379
_eLIBRO
_h91233
_i66648
_si
949 _a637.14 S3
_bBC
_cLIBRO
_d33724000603536
_eLIBRO
_fc.2
_h91282
_i66648
_si
949 _a637.14 S3
_bBC
_cUACH
_d33724000689832
_eUACH
_fc.3
_h91283
_i66648
_si
999 _c61502
_d61502